000 00318 a2200157 4500
001 158510
020 _a
040 _cMagnum
100 _aMatsuura, Oscar Toshiaki
240 1 0 _aAtlas do universo
_lpor
245 1 0 _aAtlas do universo
362 0 _a1899
440 1 _aScipione
697 _aATLAS
942 _cBK
999 _c158510
_d158510